Welcome to WEB OPAC of MRSPTU Central Library

Software engineering : A management approach (Record no. 6377)

MARC details
000 -LEADER
fixed length control field 00510nam a2200181Ia 4500
008 - FIXED-LENGTH DATA ELEMENTS--GENERAL INFORMATION
fixed length control field 230711s9999||||xx |||||||||||||| ||und||
020 ## - INTERNATIONAL STANDARD BOOK NUMBER
International Standard Book Number 978-93-272-5546-1
041 ## - LANGUAGE CODE
Language code of text/sound track or separate title ENG
082 ## - DEWEY DECIMAL CLASSIFICATION NUMBER
Classification number 5.1
Item number SI-S
100 ## - MAIN ENTRY--PERSONAL NAME
Personal name Singh,Nirmaljit
245 #0 - TITLE STATEMENT
Title Software engineering : A management approach
Remainder of title A reference book on software engineering
250 ## - EDITION STATEMENT
Edition statement 1st Ed.
260 ## - PUBLICATION, DISTRIBUTION, ETC.
Date of publication, distribution, etc. 2015
Place of publication, distribution, etc. New Delhi
Name of publisher, distributor, etc. Kalyani Publishers House
300 ## - PHYSICAL DESCRIPTION
Extent 493p.
650 ## - SUBJECT ADDED ENTRY--TOPICAL TERM
Topical term or geographic name entry element Computer Engineering
700 ## - ADDED ENTRY--PERSONAL NAME
Personal name Kumar,Rakesh
942 ## - ADDED ENTRY ELEMENTS (KOHA)
Koha item type Book
Holdings
Withdrawn status Lost status Damaged status Not for loan Collection Home library Current library Date acquired Source of acquisition Cost, normal purchase price Inventory number Total checkouts Full call number Barcode Date last seen Price effective from Koha item type Date last checked out
          MRSPTU Central Library MRSPTU Central Library   Krishna Book Distributors 325.00 KBD/2016-2017/960742808   5.1 SI-S 37375 08/17/2023 08/17/2023 Book  
          MRSPTU Central Library MRSPTU Central Library   Krishna Book Distributors 325.00 KBD/2016-2017/960742808   5.1 SI-S 37376 08/17/2023 08/17/2023 Book  
          MRSPTU Central Library MRSPTU Central Library   Krishna Book Distributors 325.00 KBD/2016-2017/960742808   5.1 SI-S 37377 08/17/2023 08/17/2023 Book  
          MRSPTU Central Library MRSPTU Central Library   Krishna Book Distributors 325.00 KBD/2016-2017/960742808 5 5.1 SI-S 37378 03/13/2026 08/17/2023 Book 02/19/2026
          MRSPTU Central Library MRSPTU Central Library   Krishna Book Distributors 325.00 KBD/2016-2017/960742808 6 5.1 SI-S 37379 08/05/2025 08/17/2023 Book 04/09/2025

Website Designed and Developed by MRSPTU Central Library Team

E-mail Id: librarian@mrsptu.ac.in